Szczegóły MARC
| 000 -Nagłówek |
| fixed length control field |
02861cam a2200601 i 4500 |
| 001 - Nr kontrolny bibl., która utworzyła rek. |
| control field |
xx004670503 |
| 003 - Siglum bibl., której nr kontr. jest w 001 |
| control field |
NUKAT |
| 005 - Data i czas ostatniej operacji |
| control field |
20260402135332.0 |
| 008 - Elementy pola stałej długości |
| fixed length control field |
190723s2019 pl a |001 0dpol c |
| 020 ## - ISBN |
| ISBN |
9788380985872 |
| dopowiedzenie |
(oprawa twarda) : |
| warunki dostępności |
zł 39,00 |
| 035 ## - Systemowy numer kontrolny |
| systemowy numer kontrolny |
(OCoLC)1413494150 |
| 035 ## - Systemowy numer kontrolny |
| systemowy numer kontrolny |
(NUKAT)xx004670503 |
| 040 ## - Instytucja sporządzająca opis |
| Instytucja, która sporządziła opis |
KAT U/MoKu |
| język katalgowania-trzyzn. kod |
pol |
| zasady opisu |
rda |
| Instytucja, która sporządziła rekord |
KAT U/MoKus |
| Instytucja, która zmodyfikowała rekord |
KAT U/MB |
| -- |
WR U/hb |
| -- |
OLSZT 008/bak |
| 045 2# - Okres czasu dla zawartości |
| czas między r. 9999 pne a nasz. czas. |
d1919 |
| -- |
d1926 |
| 046 ## - Kod rodz. daty, data1, data2 (daty pne) |
| Begin/single date |
2019 |
| 100 1# - Hasło główne-nazwa osobowa |
| Nazwa osobowa |
Pierzchalski, Stefan |
| Daty biograficzne |
(1876-1930). |
| rodzaj współpracy |
Autor |
| 9 (RLIN) |
39454 |
| 245 10 - Tytuł właściwy i oznaczenie odpow. |
| tytuł |
Kronika czasu przełomu : |
| dodatek do tytułu |
Górny Śląsk w latach 1919-1926 na fotografiach Stefana Pierzchalskiego / |
| dod. inf. ze s. tyt./ozn. odpow. |
Halina Dudała, Mirosław Węcki ; Instytut Pamięci Narodowej - Komisja Ścigania Zbrodni przeciwko Narodowi Polskiemu ; Archiwum Archidiecezjalne w Katowicach. |
| 246 30 - Inne formy tytułu, wariant tytułu |
| tytuł |
Górny Śląsk w latach 1919-1926 na fotografiach Stefana Pierzchalskiego |
| 260 ## - Adres wydawniczy |
| miejsce wydania, dystrybucji itp. |
Warszawa : |
| nazwa wydawcy, dystrybutora itp. |
Instytut Pamięci Narodowej - Komisja Ścigania Zbrodni przeciwko Narodowi Polskiemu ; |
| miejsce wydania, dystrybucji itp. |
Katowice : |
| nazwa wydawcy, dystrybutora itp. |
Archiwum Archidiecezjalne w Katowicach, |
| data wydania, dystrybucji itp. |
2019. |
| 300 ## - Opis fizyczny |
| objętość i/lub forma materiału |
238 stron : |
| inne szczegóły opisu fizycznego |
ilustracje ; |
| format |
30 cm. |
| 336 ## - Content Type |
| Term |
Tekst |
| Code |
txt |
| Source |
rdacontent |
| 336 ## - Content Type |
| Term |
Obraz |
| Code |
sti |
| Source |
rdacontent |
| 337 ## - Media Type |
| Term |
Bez urządzenia pośredniczącego |
| Code |
n |
| Source |
rdamedia |
| 338 ## - Carrier Type |
| Term |
Wolumin |
| Code |
nc |
| Source |
rdacarrier |
| 380 ## - Form of work |
| Form of work |
Albumy i książki artystyczne |
| 380 ## - Form of work |
| Form of work |
Książki |
| 388 1# - TIME PERIOD OF CREATION |
| Time period of creation term |
2001- |
| 490 1# - Tytuł serii i ks. wielotom.-nie do wysz. |
| oznaczenie serii |
Oddziałowy Projekt Badawczy IPN Powstania Śląskie 1919-1921 |
| 500 ## - Uwaga ogólna |
| uwaga ogólna |
Publikacja przygotowana przez Oddział IPN - KŚZpNP w Katowicach. |
| 504 ## - Uwaga o bibliografii |
| uwaga o bibliografii |
Bibliografia na stronie 22. Indeks. |
| 600 17 - Hasło przedmiotowe-nazwa osobowa |
| nazwa osobowa |
Pierzchalski, Stefan |
| daty biograficzne |
(1876-1930) |
| źródło hasła |
DBN |
| 9 (RLIN) |
39454 |
| 600 17 - Hasło przedmiotowe-nazwa osobowa |
| nazwa osobowa |
Pierzchalski, Stefan |
| daty biograficzne |
(1876-1930). |
| źródło hasła |
kaba |
| 9 (RLIN) |
39454 |
| 648 #7 - SUBJECT ADDED ENTRY--CHRONOLOGICAL TERM |
| Chronological term |
1901-2000 |
| Source of heading or term |
DBN |
| 9 (RLIN) |
34996 |
| 648 #7 - SUBJECT ADDED ENTRY--CHRONOLOGICAL TERM |
| Chronological term |
1918-1939 |
| Source of heading or term |
DBN |
| 9 (RLIN) |
36041 |
| 650 #7 - Hasło przedmiotowe-nazwa pospolita |
| nazwa pospolita lub geogr. |
Fotografia dokumentalna |
| źródło hasła |
DBN |
| 9 (RLIN) |
39457 |
| 650 #7 - Hasło przedmiotowe-nazwa pospolita |
| nazwa pospolita lub geogr. |
Fotografia polska |
| źródło hasła |
DBN |
| 9 (RLIN) |
35386 |
| 650 #7 - Hasło przedmiotowe-nazwa pospolita |
| nazwa pospolita lub geogr. |
Plebiscyt na Górnym Śląsku (1921) |
| źródło hasła |
DBN |
| 9 (RLIN) |
39269 |
| 650 #7 - Hasło przedmiotowe-nazwa pospolita |
| nazwa pospolita lub geogr. |
Portrety |
| źródło hasła |
DBN |
| 9 (RLIN) |
37746 |
| 650 #7 - Hasło przedmiotowe-nazwa pospolita |
| nazwa pospolita lub geogr. |
Powstania śląskie (1919-1921) |
| źródło hasła |
DBN |
| 9 (RLIN) |
39270 |
| 651 #7 - Hasło przedmiotowe-nazwa geogr. |
| nazwa geograficzna |
Górny Śląsk (prowincja ; 1919-1938) |
| źródło hasła |
DBN |
| 9 (RLIN) |
39458 |
| 651 #7 - Hasło przedmiotowe-nazwa geogr. |
| nazwa geograficzna |
Śląsk, Górny (Polska ; region) |
| określnik chronologiczny |
1900-1945 |
| określnik formy |
wydawnictwa ilustrowane. |
| źródło hasła |
kaba |
| 9 (RLIN) |
39459 |
| 655 #7 - Termin określający rodzaj/formę |
| rodzaj/forma |
Album |
| źródło terminu |
DBN |
| 9 (RLIN) |
35390 |
| 655 #7 - Termin określający rodzaj/formę |
| rodzaj/forma |
Opracowanie |
| źródło terminu |
DBN |
| 9 (RLIN) |
35024 |
| 658 ## - Nazwa określająca cel programu nauczania |
| główny cel programu nauczania |
Historia |
| 658 ## - Nazwa określająca cel programu nauczania |
| główny cel programu nauczania |
Kultura i sztuka |
| 700 1# - Hasło dodatkowe - nazwa osobowa |
| nazwa osobowa |
Węcki, Mirosław. |
| rodzaj współpracy |
Tekst |
| 9 (RLIN) |
18355 |
| 700 1# - Hasło dodatkowe - nazwa osobowa |
| nazwa osobowa |
Kowalczyk-Dudała, Halina |
| daty biograficzne |
(1965- ). |
| rodzaj współpracy |
Tekst |
| 9 (RLIN) |
39455 |
| 710 2# - Hasło dodatkowe - nazwa ciała zbior. |
| nazwa ciała zbior. lub nazwa geogr. |
Instytut Pamięci Narodowej - Komisja Ścigania Zbrodni przeciwko Narodowi Polskiemu. |
| rodzaj współpracy |
Instytucja sprawcza |
| -- |
Wydawca |
| kod rodzaju współpracy |
pbl |
| 9 (RLIN) |
11792 |
| 710 2# - Hasło dodatkowe - nazwa ciała zbior. |
| nazwa ciała zbior. lub nazwa geogr. |
Archiwum Archidiecezjalne (Katowice). |
| rodzaj współpracy |
Instytucja sprawcza |
| -- |
Wydawca |
| kod rodzaju współpracy |
pbl |
| 9 (RLIN) |
39456 |
| 830 #0 - Hasło dod. serii i op. ks. wielotom. -tyt |
| tytuł |
Powstania Śląskie 1919-1921 (seria) |
| 9 (RLIN) |
39467 |
| 920 ## - ISBN |
| ISBN |
978-83-8098-587-2 (oprawa twarda) : zł 39,00 |
| 942 ## - ADDED ENTRY ELEMENTS (KOHA) |
| Source of classification or shelving scheme |
Dewey Decimal Classification |
| Koha item type |
pozycje dostępne na miejscu |